Navision uvedl na český trh novinku
Ing. Michal Dvořák a Ing. Petr Hájek, ktorí vedú českú reprezentáciu materskej dánskej akciovej spoločnosti Navision software, o firme zaoberajúcej sa ekonomickým softwarom a jej produktoch. Organizácia firmy Navision Česká republika. Česká verzia produktu Navision Financials.
Salvato in:
| Autore principale: | |
|---|---|
| Altri autori: | , |
| Natura: | Capitolo di libro |
| Lingua: | ceco |
| Soggetti: | |
| Tags: |
Nessun Tag, puoi essere il primo ad aggiungerne!!
|
MARC
| LEADER | 00000naa a2200000 4500 | ||
|---|---|---|---|
| 001 | r027356 | ||
| 005 | 20230607100415.8 | ||
| 041 | 0 | |a cze | |
| 044 | |a CZ | ||
| 245 | 1 | 0 | |a Navision uvedl na český trh novinku |c Petr Hájek, M. Dvořák, K. Jžzová |
| 520 | |a Ing. Michal Dvořák a Ing. Petr Hájek, ktorí vedú českú reprezentáciu materskej dánskej akciovej spoločnosti Navision software, o firme zaoberajúcej sa ekonomickým softwarom a jej produktoch. Organizácia firmy Navision Česká republika. Česká verzia produktu Navision Financials. | ||
| 610 | 2 | 0 | |a Česko |
| 610 | 2 | 0 | |a Dánsko |
| 610 | 2 | 0 | |a 1984-1997 |
| 610 | 2 | 0 | |a marketing |
| 610 | 2 | 0 | |a komunikácia |
| 610 | 2 | 0 | |a softvér |
| 610 | 2 | 0 | |a Navision |
| 100 | 1 | |a Hájek, Petr | |
| 700 | 1 | |a Dvořák, M. | |
| 700 | 1 | |a Jžzová, K. | |